000 00841nam a2200253Ia 4500
003 OSt
005 20220923211043.0
006 a|||||r|||| 00| 0
007 ta
008 220922b |||||||| |||| 00| 0 pan d
020 _a8173808929 (HBK)
_c225
024 _a261,148
037 _b533, 02/12/2011, H.K. Prakashan
_cTextual
040 _aARTS
_cARTS
_bpan
041 _2pan
_apan
082 _aO153,6NMUx, P3
100 _aਸੁਧਾ ਮੂਰਤੀ
245 0 _aਮੇਰਾ ਦੇF ਮੇਰੇ ਲੋਕ
260 _aਪਟਿਆਲਾ
_b ਪੰਜਾਬੀ ਯੂਨੀਵਰਸਿਟੀ
_c2003
300 _a226ਪੰ
_ccm.
650 _aਪੰਜਾਬੀ ਸਾਹਿਤ
942 _hO153,6NMUx, P3
_cTEXL
_2CC
999 _c294548
_d294548